000 00689nam a2200217 i 4500
001 112353
003 ES-MaACL
005 20231229062527.0
007 t|
008 061121s1957 sp r ||||1| spa d
100 1 _aOrtega y Gasset, José,
_d1883-1955
_987503
245 1 0 _aCaracteres y circunstancias /
_cJosé Ortega y Gasset.
260 _aMadrid :
_bAfrodisio Aguado,
_c1957.
300 _a399 p. ;
_c18 cm.
490 1 _aClásicos y maestros
650 4 _aFilosofía-
_zAlemania.
_9163322
650 4 _aLiteratura española-
_yS.XX-
_xHistoria y crítica.
_9141686
830 0 _aClásicos y maestros
_9181272
852 _aES-MaACL
_jC-16341
_bR.40562
999 _c112353
_d112353